Manual de Prisiones (Registro nro. 88)

Detalles MARC
000 -Cabecera
Campo de control de longitud fija 00688aam a2200277 4500
005 - Fecha y hora de la última transacción
Campo de control 20260416092351.0
008 - Elementos de longitud fija--Información general
Campo de control de longitud fija 150720b1980 xxu||||| |||| 00| 0 spa d
020 ## - International Standard Book Number
Número Internacional Estándar del Libro (ISBN) 9684324758
041 ## - Idioma
Código de idioma Español
082 ## - Clasificación Decimal Dewey
Número de clasificación 365 G216m
100 ## - Entrada principal--Autor personal
Nombre personal García Ramírez, Sergio
9 (RLIN) 14307
245 ## - Título propiamente dicho
Título Manual de Prisiones
250 ## - Edición
Mención de edición 2 edición
260 ## - Pie de imprenta
Lugar de publicación, distribución, etc. México
260 ## - Pie de imprenta
Nombre del editor, distribuidor, etc. Porrua
260 ## - Pie de imprenta
Fecha de publicación, distribución, etc. 1980
300 ## - Descripción física
Extensión 463 páginas
490 ## - Serie
Título de la Serie Investigación Criminal
650 ## - Materia general
Temática (materia general) PRISIONES
650 ## - Materia general
Temática (materia general) SISTEMA PENITENCIARIO
650 ## - Materia general
Temática (materia general) LEGISLACIÓN PENAL
650 ## - Materia general
Temática (materia general) JUSTICIA FEDERAL
650 ## - Materia general
Temática (materia general) ANTROPOLOGÍA CRIMINAL
650 ## - Materia general
Temática (materia general) ATENUACIÓN DE LAS PENAS
942 ## - Punto de acceso adicional KOHA
Tipo de ítem KOHA Libro
Fuente del sistema de clasificación o colocación Dewey Decimal Classification
Existencias
Signatura completa Código de barras Programa Académico Tipo de ítem
365 G216m 523 Investigación Criminal Libro